1484 1367 1089 1392 1922 1161 1678 1782 1971 1268 1536 1412 1590 1015 1233 1829 1489 1095 1403 1180 1336 1098 1067 1739 1662 1417 1735 1833 1373 1443 1071 1323 1468 1137 1907 1194 1659 1256 1172 1764 1002 1032 1010 1062 1714 1991 1777 1344 1732 1115 1800 1883 1603 1185 1134 1610 1129 1875 1508 1524 1442 1005 1828 1464 1833 1199 1890 1091 1220 1267 1225 1491 1521 1495 1303 1249 1532 1965 1605 1920 1007 1069 1199 1389 1437 1774 1535 1016 1632 1083 1530 1681 1587 1422 1073 1630 1460 1979 1860 BCNSPRNW ULIB Ver.6.0+V

เปลี่ยนเป็นภาษาไทย

Change to English
 แสดงรายละเอียดบรรณานุกรม
  กลับหน้าหลัก

Brief Record : Get Marc (ISO 2709) : E-mail record : QR code < ปิดหน้าต่าง
LEADER : 00000nam 2200000uu 4500
001    13399112041
003     ULIB
008    110725s2545||||th 000 0 tha d
020    9745782653
020    9789745782655
050  4 H61^bป242น 2545
100 0  ประชุม รอดประเสริฐ
245 10 นโยบายและการวางแผน :^bหลักการและทฤษฎี /^cประชุม รอดประเสริฐ
250    พิมพ์ครั้งที่ 7
260    กรุงเทพฯ :^bเนติกุลการพิมพ์,^c2545
300    384 หน้า :^bภาพประกอบ ;^c26 ซม.
650  7 การวางแผน
650  7 นโยบาย
650  7 การบริหาร
650  7 นโยบายศาสตร์
945    ^p350^l0^i015591
945    ^p350^l0^i015592
995    ทศพร
999 ^a ทศพร
รายการนี้ยังไม่มีแท็ก
คุณยังไม่ได้ล็อกอิน คุณสามารถมีกิจกรรมร่วมกับเว็บไซต์ได้ แต่ต้องล็อกอินก่อน ::
  ล็อกอิน

รายการสื่อสารสนเทศ

ลำดับที่ ประเภท เลขเรียก/บาร์โค้ด สถานที่ สถานะ
- ไม่พบข้อมูล -

รายการใกล้เคียง
    หัวเรื่อง [การวางแผน]
    หัวเรื่อง [นโยบาย]
    หัวเรื่อง [การบริหาร]

BibComment


ยังไม่เคยถูกคอมเมนท์

คอมเมนท์ทรัพยากรรายการนี้
  คอมเมนท์: นโยบายและการวางแผ..


 Copyright 2026. Bcnsprnw @Library